Požiadavky Azerbajdžancov Tlačová konferencia o súčasnej situácii v Zakaukazsku

Bibliographic Details
Format: Article
Language:Slovak
Subjects:

MARC

LEADER 00000nab a2200000 a 4500
001 vtls000371724
003 SK-MaSNL
005 20260304040210.0
008 111202c1990 xo 0 slo
015 |a SNBRB19rr/mm-uuuuu 
035 |a CL0371846 
040 |a SNKBUCL  |b slo  |c SNKBUCL  |e AACR2 
041 0 |a slo 
044 |a xo  |c SK 
080 |a 323(47)  |2 1981 
245 0 0 |a Požiadavky Azerbajdžancov  |b Tlačová konferencia o súčasnej situácii v Zakaukazsku 
650 0 7 |a vnútorná politika  |2 snkbucl  |9 970 
651 7 |a Sovietsky zväz  |2 snkbucl  |9 22126 
651 7 |a Azerbajdžan  |2 snkbucl  |9 56314 
655 7 |a články z novín a časopisov  |2 snkbucl  |9 267496 
773 0 |t Pravda  |g Roč. 71, č. 27 (1. 2. 1990), s. 1 
850 |a Slovenská národná knižnica v Martine  |a MTA001 
852 |a SNK  |b KIS3GCP 
958 |a RK 
958 |a SU 
992 |a RBX 
999 |c 2662012  |d 2663942